Teatro de Florencio Sánchez : nuestros hijos...[et al]. / (Registro nro. 122222)
[ vista simple ]
| 000 -LEADER | |
|---|---|
| fixed length control field | 00566cam a2200193 4500 |
| 008 - FIXED-LENGTH DATA ELEMENTS--GENERAL INFORMATION | |
| fixed length control field | 1942 spa |
| 050 #4 - LIBRARY OF CONGRESS CALL NUMBER | |
| Classification number | PQ8519 |
| Item number | .S4 T43 1942 |
| 100 1# - MAIN ENTRY--PERSONAL NAME | |
| Personal name | Sanchez, Florencio |
| 245 #0 - TITLE STATEMENT | |
| Title | Teatro de Florencio Sánchez : nuestros hijos...[et al]. / |
| Statement of responsibility, etc | Florencio Sánchez. |
| 260 ## - PUBLICATION, DISTRIBUTION, ETC. (IMPRINT) | |
| Place of publication, distribution, etc | Buenos Aires : |
| Name of publisher, distributor, etc | Sopena, |
| Date of publication, distribution, etc | 1942 |
| 300 ## - PHYSICAL DESCRIPTION | |
| Extent | 174 p. ; |
| Dimensions | 22 cm. |
| 440 #0 - SERIES STATEMENT/ADDED ENTRY--TITLE | |
| Title | Biblioteca Mundial Sopena |
| 500 ## - GENERAL NOTE | |
| General note | 1 ejem. |
| 504 ## - BIBLIOGRAPHY, ETC. NOTE | |
| Bibliography, etc | Incluye índice |
| 650 #4 - SUBJECT ADDED ENTRY--TOPICAL TERM | |
| Topical term or geographic name as entry element | Literatura Uruguaya |
| 942 ## - ADDED ENTRY ELEMENTS (KOHA) | |
| Source of classification or shelving scheme | Biblioteca del Cogreso de los Estados Unidos |
| Koha item type | Libro |
| Estado de pérdida | Fuente de clasificación | Estado del daño | No para préstamo | Ubicación permanente | Ubicación actual | Apartado o colección | Fecha de adquisición | Edición | Dependencia de educación superior (DES) | Área del conocimiento | Clasificación | Código de Barras | Date last seen | Número de copia | Tipo de recurso |
|---|---|---|---|---|---|---|---|---|---|---|---|---|---|---|---|
| Biblioteca del Cogreso de los Estados Unidos | Biblioteca de la Facultad de Filosofía | Biblioteca de la Facultad de Filosofía | General | 30/11/2016 | 1a. ed. | Humanidades | Educación y Humanidades | PQ8519.S4 T43 1942 | BFF000020750 | 30/11/2016 | C:1 | Libro |